Luxemburgisch Tage und Monate lernen - Statistiken

Allgemein
  • Dieses Quiz wurde 16 mal gespielt
  • Das Durchschnittsergebnis liegt bei 12 aus 19
Antwortstatistiken
Deutsch Luxemburgisch % Korrekt
Mittwoch Mëttwoch
91%
Montag Méindeg
82%
Sonntag Sonndeg
82%
April Abrëll
73%
Freitag Freideg
73%
Januar Januar
73%
August August
64%
Dezember Dezember
64%
Februar Februar
64%
Juli Juli
64%
Juni Juni
64%
Mai Mee
64%
November November
64%
Oktober Oktober
64%
September September
64%
März Mäerz
55%
Donnerstag Donneschdeg
45%
Dienstag Dënschdeg
36%
Samstag Samschdeg
36%
Keine übereinstimmenden Quizze gefunden
Verteilung der Resultate
Anzahl Personen mit jedem Resultat
Perzentil nach korrekt beantworteten Fragen
Ihre Resultats-Entwicklung
Sie haben dieses Quiz noch nicht gespielt